000 00298nam a22001217a 4500
008 181106b xxu||||| |||| 00| 0 eng d
041 _aeng
080 _27 TH
_a341
100 _a15
101 _aJUR
245 _aCriminal Law And Its Processes Caases Materials
_cKadish.S
942 _2udc
_cBK
999 _c51915
_d51915